000
00341 a2200169 4500
001
189117
020
_a
85-16-02013-4
040
_c
Magnum
100
_a
Venezia, Mike
240
1
0
_a
Paul Gauguin
_l
por
245
1
0
_a
Paul Gauguin
300
_a
32
362
0
_a
1997
440
1
_a
Moderna
697
_a
PINTORES E PINTURAS
942
_c
BK
999
_c
189117
_d
189117